Cluedo/Clue Weapons by Picture - Sudden Death - Statistics

General Stats
  • This quiz has been taken 47 times
  • The average score is 5 of 6
Answers on the Grid
Answers color-coded by a green-red scale on the quiz's grid according to % correct below.
 
Answer Stats
Answer % Correct
94%
88%
85%
76%
76%
71%
No matching quizzes found
Score Distribution
Percent of People with Each Score
Percentile by Number Answered
Your Score History
You have not taken this quiz